| 000 | 00385nam a2200145Ia 4500 | ||
|---|---|---|---|
| 008 | 150128s9999 xx 000 0 und d | ||
| 020 | _a0451526716 | ||
| 050 |
_aCLA _bD55g 1998 |
||
| 100 | _aDickens, Charles. | ||
| 245 | _aGreat expectations / | ||
| 250 | _aDickens, Charles. | ||
| 260 |
_aNew York: _bPenguin Books, _c1998. |
||
| 300 |
_a494 pages : _c18 cm. |
||
| 650 | _xFiction. | ||
| 999 |
_c278876 _d278876 |
||